[Event "Catalunya-chT Gp1"]
[Site "Barcelona"]
[Date "2024.03.02"]
[Round "7.9"]
[White "Serra Pages, Jordi"]
[Black "Comellas Blanchart, Jordi"]
[Result "1/2-1/2"]
[WhiteElo "2187"]
[BlackElo "1985"]
[PlyCount "50"]
[EventDate "2024.01.20"]
[EventType "team-tourn"]
[EventRounds "7"]
[EventCountry "ESP"]
[SourceTitle "CB11_2024"]
[SourceDate "2024.03.13"]
[SourceVersion "1"]
[SourceVersionDate "2024.03.13"]
[SourceQuality "1"]
[WhiteTeam "Figueres"]
[BlackTeam "Tres Peons"]
[WhiteTeamCountry "ESP"]
[BlackTeamCountry "ESP"]

1. d4 d5 2. c4 e6 3. Nc3 Nf6 4. Bg5 Be7 5. e3 h6 6. Bh4 0-0 7. Nf3 b6 8. cxd5 Nxd5 9. Bxe7 Qxe7 10. Nxd5 exd5 11. Bd3 Be6 12. 0-0 c5 13. b3 Nd7 14. Qe2 a5 15. e4 dxe4 16. Bxe4 Rae8 17. Rfe1 Qd6 18. Qd2 Nf6 19. dxc5 Qxc5 20. Rac1 Qh5 21. Bc6 Rd8 22. Qb2 Bd5 23. h3 Bxc6 24. Rxc6 Qb5 25. Rcc1 Rfe8 1/2-1/2

[Event "Catalunya-chT Gp1"]
[Site "Barcelona"]
[Date "2024.02.03"]
[Round "3.9"]
[White "Moreno Sanchis, Jordi Alex"]
[Black "Serra Pages, Jordi"]
[Result "1/2-1/2"]
[WhiteElo "2216"]
[BlackElo "2187"]
[PlyCount "43"]
[EventDate "2024.01.20"]
[EventType "team-tourn"]
[EventRounds "7"]
[EventCountry "ESP"]
[SourceTitle "CB11_2024"]
[SourceDate "2024.03.13"]
[SourceVersion "1"]
[SourceVersionDate "2024.03.13"]
[SourceQuality "1"]
[WhiteTeam "Ateneu Colon"]
[BlackTeam "Figueres"]
[WhiteTeamCountry "ESP"]
[BlackTeamCountry "ESP"]

1. g3 Nf6 2. Bg2 d5 3. d3 g6 4. b3 Bg7 5. Bb2 0-0 6. Nf3 b6 7. c4 Bb7 8. cxd5 Nxd5 9. Qd2 Nc6 10. Bxg7 Kxg7 11. Qb2+ Kg8 12. Nbd2 e6 13. a3 Qe7 14. d4 Rfd8 15. 0-0 Qf8 16. e4 Nde7 17. h4 Qg7 18. e5 Nd5 19. Ne4 Nce7 20. Qd2 h6 21. b4 f5 22. Nc3 1/2-1/2

[Event "Catalunya-chT Gp1"]
[Site "Barcelona"]
[Date "2024.01.20"]
[Round "1.8"]
[White "Serra Pages, Jordi"]
[Black "Lambert Pont, Michael"]
[Result "1/2-1/2"]
[WhiteElo "2187"]
[BlackElo "1982"]
[PlyCount "28"]
[EventDate "2024.01.20"]
[EventType "team-tourn"]
[EventRounds "7"]
[EventCountry "ESP"]
[SourceTitle "CB06_2024"]
[SourceDate "2024.02.07"]
[SourceVersion "1"]
[SourceVersionDate "2024.02.07"]
[SourceQuality "1"]
[WhiteTeam "Figueres"]
[BlackTeam "Mollet"]
[WhiteTeamCountry "ESP"]
[BlackTeamCountry "ESP"]

1. d4 e6 2. c4 b6 3. Nf3 f5 4. Nc3 Nf6 5. g3 Bb7 6. Bg2 Be7 7. 0-0 0-0 8. d5 Na6 9. Nd4 Bc5 10. dxe6 Bxg2 11. Kxg2 Bxd4 12. Qxd4 dxe6 13. Qxd8 Rfxd8 14. Bf4 c6 1/2-1/2

[Event "Catalunya-chT Gp1 Final"]
[Site "Barcelona"]
[Date "2023.03.18"]
[Round "1.8"]
[White "Lorenzo de la Riva, Lazaro"]
[Black "Serra Pages, Jordi"]
[Result "1-0"]
[WhiteElo "2420"]
[BlackElo "2176"]
[PlyCount "40"]
[EventDate "2023.03.18"]
[EventType "team-k.o."]
[EventRounds "3"]
[EventCountry "ESP"]
[SourceTitle "EXT 2024"]
[Source "ChessBase"]
[SourceDate "2023.10.10"]
[SourceVersion "1"]
[SourceVersionDate "2023.10.10"]
[SourceQuality "1"]
[WhiteTeam "Barbera"]
[BlackTeam "Figueres"]
[WhiteTeamCountry "ESP"]
[BlackTeamCountry "ESP"]

1. d4 Nf6 2. Nf3 g6 3. Bf4 Bg7 4. e3 c5 5. c3 Qb6 6. Qb3 0-0 7. Nbd2 d5 8. Be2 Nc6 9. Ne5 Nxe5 10. Bxe5 c4 11. Qa3 Qd8 12. h3 Be6 13. b3 b5 14. Nf3 Qd7 15. bxc4 bxc4 16. 0-0 Bf5 17. Qb4 Qc6 18. Bxf6 Qxf6 19. e4 e5 20. exd5 exd4 1-0

[Event "Catalunya-chT Gp2"]
[Site "Barcelona"]
[Date "2022.02.12"]
[Round "4.9"]
[White "Serra Pages, Jordi"]
[Black "Codina Garcia, Jose"]
[Result "1/2-1/2"]
[WhiteElo "2189"]
[BlackElo "1889"]
[PlyCount "63"]
[EventDate "2022.01.22"]
[EventType "team-tourn"]
[EventRounds "9"]
[EventCountry "ESP"]
[SourceTitle "CBM 208 Extra"]
[Source "ChessBase"]
[SourceDate "2022.07.31"]
[SourceVersion "1"]
[SourceVersionDate "2022.07.31"]
[SourceQuality "1"]
[WhiteTeam "Figueres"]
[BlackTeam "Lleida"]
[WhiteTeamCountry "ESP"]
[BlackTeamCountry "ESP"]

1. d4 Nf6 2. c4 e6 3. Nf3 d5 4. Nc3 Nbd7 5. Bg5 Be7 6. e3 c6 7. Qc2 0-0 8. Rd1 b6 9. Bd3 Bb7 10. 0-0 dxc4 11. Bxc4 Nd5 12. Bxe7 Qxe7 13. e4 Nxc3 14. bxc3 c5 15. d5 e5 16. d6 Qf6 17. Bd5 Bxd5 18. Rxd5 Qe6 19. Qd2 f6 20. Rd1 Rfd8 21. a4 a6 22. Qe2 Rdb8 23. c4 Rc8 24. Qe3 Rc6 25. h3 Rb8 26. Nh4 g6 27. Qh6 Qf7 28. Rb1 a5 29. Rb3 Qf8 30. Qd2 Re8 31. Rg3 Kf7 32. Rgd3 1/2-1/2

[Event "Catalunya-chT Gp2"]
[Site "Barcelona"]
[Date "2022.01.29"]
[Round "2.8"]
[White "Cuadras Avellana, Jordi"]
[Black "Serra Pages, Jordi"]
[Result "1/2-1/2"]
[WhiteElo "2203"]
[BlackElo "2189"]
[PlyCount "74"]
[EventDate "2022.01.22"]
[EventType "team-tourn"]
[EventRounds "9"]
[EventCountry "ESP"]
[SourceTitle "CBM 206 Extra"]
[Source "ChessBase"]
[SourceDate "2022.03.31"]
[SourceVersion "1"]
[SourceVersionDate "2022.03.31"]
[SourceQuality "1"]
[WhiteTeam "Platja D'Aro"]
[BlackTeam "Figueres"]
[WhiteTeamCountry "ESP"]
[BlackTeamCountry "ESP"]

1. c4 Nf6 2. Nc3 g6 3. Nf3 Bg7 4. d4 d5 5. cxd5 Nxd5 6. Bd2 c5 7. e4 Nxc3 8. Bxc3 cxd4 9. Bxd4 Qa5+ 10. Qd2 Qxd2+ 11. Kxd2 0-0 12. Bxg7 Kxg7 13. Ke3 a6 14. Bc4 Nc6 15. h3 Rd8 16. Rac1 Bd7 17. Rc3 Rac8 18. Rhc1 Na5 19. Be2 Rxc3+ 20. Rxc3 Nc6 21. a3 e5 22. Bc4 f6 23. Bd5 Kf8 24. Nd2 Ke7 25. Nb3 Be8 26. Nc5 Rb8 27. Rb3 Na5 28. Rb6 Bc6 29. b4 Bxd5 30. bxa5 Bc6 31. Nxa6 Ra8 32. Nb4 Rxa5 33. Nxc6+ bxc6 34. Rxc6 Rxa3+ 35. Ke2 Ra2+ 36. Ke3 Ra3+ 37. Ke2 Ra2+ 1/2-1/2

[Event "Catalunya-chT Gp2"]
[Site "Barcelona"]
[Date "2020.02.15"]
[Round "5.4"]
[White "Serra Pages, Jordi"]
[Black "Ayats Llobera, Gerard"]
[Result "1/2-1/2"]
[WhiteElo "2240"]
[BlackElo "2375"]
[PlyCount "132"]
[EventDate "2020.01.18"]
[EventType "team-tourn"]
[EventRounds "7"]
[EventCountry "ESP"]
[SourceTitle "CBM 195 Extra"]
[Source "ChessBase"]
[SourceDate "2020.05.31"]
[SourceVersion "1"]
[SourceVersionDate "2020.05.31"]
[SourceQuality "1"]
[WhiteTeam "Figueres"]
[BlackTeam "Barcelona Escacs CC"]
[WhiteTeamCountry "ESP"]
[BlackTeamCountry "ESP"]

1. d4 Nf6 2. c4 c5 3. Nf3 cxd4 4. Nxd4 b6 5. Nc3 Bb7 6. f3 d6 7. e4 a6 8. Be3 e6 9. Be2 Nbd7 10. 0-0 Be7 11. Qd2 0-0 12. Rfd1 Qc7 13. Rac1 Rac8 14. Bf1 Rfe8 15. Qf2 Qb8 16. Kh1 Bd8 17. b3 Ne5 18. h3 Bc7 19. Nde2 Bc6 20. a4 Rcd8 21. Nf4 Ned7 22. b4 Bb7 23. Nd3 d5 24. exd5 exd5 25. Nxd5 Bxd5 26. cxd5 Nxd5 27. Bd4 N7f6 28. Qb2 Nh5 29. Re1 Ng3+ 30. Kg1 b5 31. a5 Nf5 32. Be5 Bxe5 33. Rxe5 Rxe5 34. Qxe5 Qxe5 35. Nxe5 Nxb4 36. Rc7 f6 37. Nc6 Nxc6 38. Rxc6 Rd6 39. Rb6 Kf7 40. Rb7+ Ke6 41. Kf2 Rd2+ 42. Ke1 Rd7 43. Rb6+ Rd6 44. Rb7 h5 45. g4 hxg4 46. fxg4 Ne7 47. h4 f5 48. gxf5+ Nxf5 49. Bh3 g6 50. Rb6 Kd5 51. Bxf5 gxf5 52. h5 Rd7 53. Rxa6 b4 54. Rb6 Kc5 55. h6 f4 56. Ke2 Kc4 57. a6 Rh7 58. Kd2 b3 59. Rc6+ Kd4 60. Rf6 Ke5 61. Rb6 Kd4 62. Rb4+ Kc5 63. Ra4 b2 64. Kc2 f3 65. Kxb2 f2 66. Rf4 Rxh6 1/2-1/2

[Event "Catalunya-chT Gp2"]
[Site "Barcelona"]
[Date "2020.02.01"]
[Round "3.5"]
[White "Grafl, Florian"]
[Black "Serra Pages, Jordi"]
[Result "1-0"]
[WhiteElo "2353"]
[BlackElo "2240"]
[PlyCount "95"]
[EventDate "2020.01.18"]
[EventType "team-tourn"]
[EventRounds "7"]
[EventCountry "ESP"]
[SourceTitle "CBM 194 Extra"]
[Source "ChessBase"]
[SourceDate "2020.03.31"]
[SourceVersion "1"]
[SourceVersionDate "2020.03.31"]
[SourceQuality "1"]
[WhiteTeam "Barcelona Escola Escacs"]
[BlackTeam "Figueres"]
[WhiteTeamCountry "ESP"]
[BlackTeamCountry "ESP"]

1. Nc3 d5 2. e4 Nf6 3. e5 d4 4. Nce2 Ng4 5. f4 h5 6. Nf3 c5 7. Ng3 h4 8. Ne4 Qd5 9. Bb5+ Bd7 10. Bxd7+ Nxd7 11. Nfg5 Ngf6 12. d3 Nxe4 13. dxe4 Qc6 14. e6 fxe6 15. Qg4 Nf6 16. Qxe6 Qxe6 17. Nxe6 Rc8 18. e5 Nd5 19. 0-0 Rc6 20. Ng5 g6 21. Bd2 Bh6 22. Ne4 Rf8 23. g3 hxg3 24. hxg3 Kf7 25. Kg2 Kg8 26. c3 dxc3 27. bxc3 Nb6 28. Be3 Rfc8 29. Bf2 Nc4 30. Rfd1 b6 31. Rd7 R6c7 32. Rad1 Kf7 33. Kf3 g5 34. Rxc7 Rxc7 35. Rd8 gxf4 36. gxf4 Rc6 37. Rd7 a5 38. Bh4 Re6 39. Rb7 Ke8 40. Bg3 Bg7 41. Ng5 Rc6 42. Ke4 Rc8 43. Ne6 Bf8 44. Bh4 Nd2+ 45. Kf5 Nf3 46. Bg3 Bh6 47. Kg6 Rc6 48. f5 1-0

[Event "Andorra op 37th"]
[Site "Escaldes"]
[Date "2019.08.04"]
[Round "9"]
[White "Serra Pages, Jordi"]
[Black "Hapala, Elisabeth"]
[Result "1-0"]
[WhiteElo "2228"]
[BlackElo "2131"]
[PlyCount "111"]
[EventDate "2019.07.27"]
[EventType "swiss"]
[EventRounds "9"]
[EventCountry "AND"]
[SourceTitle "CBM 191 Extra"]
[Source "ChessBase"]
[SourceDate "2019.09.30"]
[SourceVersion "1"]
[SourceVersionDate "2019.09.30"]
[SourceQuality "1"]

1. d4 Nf6 2. c4 e6 3. g3 Bb4+ 4. Bd2 a5 5. Bg2 0-0 6. e4 d6 7. Nc3 e5 8. d5 Na6 9. a3 Bc5 10. h3 c6 11. Nge2 cxd5 12. cxd5 b5 13. 0-0 Bd7 14. Na2 a4 15. Nb4 Nxb4 16. axb4 Bb6 17. Qb1 Ne8 18. Ra3 f5 19. Be3 fxe4 20. Qxe4 Bf5 21. Bxb6 Qxb6 22. Qe3 Qb7 23. f4 exf4 24. Rxf4 Nc7 25. Nd4 Rac8 26. Qc1 Bd7 27. Rxf8+ Rxf8 28. Rc3 Qb6 29. Qe3 Re8 30. Ne6 Qxe3+ 31. Rxe3 Nxe6 32. dxe6 Bxe6 33. Bc6 Rc8 34. Bxb5 Bb3 35. Re8+ Rxe8 36. Bxe8 Kf8 37. Bc6 Ke7 38. b5 d5 39. b6 Kd6 40. b7 Kc7 41. Kf2 d4 42. Kf3 Bc2 43. Be4 Bb3 44. Kf4 h6 45. h4 Bg8 46. Ke5 d3 47. Bxd3 Kxb7 48. Bc2 Bb3 49. Bxb3 axb3 50. Kd5 g5 51. Kc4 Kc6 52. Kxb3 Kd5 53. Kc3 gxh4 54. gxh4 h5 55. Kd3 Kc5 56. Ke4 1-0

[Event "Catalunya-chT GpB final"]
[Site "Barcelona"]
[Date "2019.03.23"]
[Round "3.3"]
[White "Serra Pages, Jordi"]
[Black "Gonzalez Maza, Rafael"]
[Result "0-1"]
[WhiteElo "2253"]
[BlackElo "2152"]
[PlyCount "106"]
[EventDate "2019.03.09"]
[EventType "team-tourn"]
[EventRounds "4"]
[EventCountry "ESP"]
[SourceTitle "EXT 2020"]
[Source "ChessBase"]
[SourceDate "2019.10.17"]
[SourceVersion "1"]
[SourceVersionDate "2019.10.17"]
[SourceQuality "1"]
[WhiteTeam "Figueres"]
[BlackTeam "Andorra"]
[WhiteTeamCountry "ESP"]
[BlackTeamCountry "AND"]

1. d4 Nf6 2. c4 e6 3. Nc3 d5 4. Bg5 Nbd7 5. e3 c6 6. Nf3 Qa5 7. Rc1 Ne4 8. Bh4 Nxc3 9. bxc3 Qxa2 10. Bd3 dxc4 11. Bb1 Qa5 12. 0-0 Be7 13. Bxe7 Kxe7 14. Nd2 b5 15. Qh5 Qc7 16. e4 Qf4 17. Qe2 e5 18. g3 Qh6 19. f4 f6 20. Nxc4 bxc4 21. Qxc4 exf4 22. Rxf4 Rb8 23. Qe2 Re8 24. Re1 g6 25. Ba2 Rb6 26. e5 f5 27. Qc4 Kd8 28. Qe2 Qf8 29. Rh4 h5 30. Rf4 Nf6 31. c4 Ne4 32. Rf3 Qe7 33. Qc2 c5 34. Rd1 Kc7 35. Ra3 a6 36. Ra5 cxd4 37. c5 Rb5 38. Rxb5 axb5 39. Rxd4 Qxc5 40. Qxc5+ Nxc5 41. Rd5 Nd7 42. Rxb5 Nxe5 43. Bd5 Bd7 44. Rb7+ Kd6 45. Bg2 Bc6 46. Bxc6 Kxc6 47. Rg7 Kd5 48. Kg2 Rc8 49. h4 Rc2+ 50. Kh3 Nf3 51. g4 fxg4+ 52. Kg3 Ne5 53. Rxg6 Rc3+ 0-1

[Event "Catalunya-chT GpB final"]
[Site "Barcelona"]
[Date "2019.03.16"]
[Round "2.4"]
[White "Serra Pages, Jordi"]
[Black "Leiro Giralt, Daniel"]
[Result "1/2-1/2"]
[WhiteElo "2253"]
[BlackElo "2174"]
[PlyCount "40"]
[EventDate "2019.03.09"]
[EventType "team-tourn"]
[EventRounds "4"]
[EventCountry "ESP"]
[SourceTitle "EXT 2020"]
[Source "ChessBase"]
[SourceDate "2019.10.17"]
[SourceVersion "1"]
[SourceVersionDate "2019.10.17"]
[SourceQuality "1"]
[WhiteTeam "Figueres"]
[BlackTeam "Tres Peons"]
[WhiteTeamCountry "ESP"]
[BlackTeamCountry "ESP"]

1. d4 d5 2. c4 e6 3. Nc3 Nf6 4. Bg5 Be7 5. e3 0-0 6. Nf3 Nbd7 7. Rc1 a6 8. cxd5 exd5 9. Bd3 Re8 10. 0-0 Nf8 11. Qb3 c6 12. Na4 Ne4 13. Bxe7 Qxe7 14. Nb6 Rb8 15. Bxe4 dxe4 16. Nxc8 Rbxc8 17. Nd2 Ng6 18. Rc5 Rcd8 19. Rfc1 Rd6 20. Nf1 Nf8 1/2-1/2

[Event "Catalunya-chT Gp1"]
[Site "Barcelona"]
[Date "2019.02.09"]
[Round "4.4"]
[White "Rios, Cristhian Camilo"]
[Black "Serra Pages, Jordi"]
[Result "1-0"]
[WhiteElo "2482"]
[BlackElo "2253"]
[PlyCount "157"]
[EventDate "2019.01.19"]
[EventType "team-tourn"]
[EventRounds "7"]
[EventCountry "ESP"]
[SourceTitle "CBM 188 Extra"]
[Source "ChessBase"]
[SourceDate "2019.02.26"]
[SourceVersion "1"]
[SourceVersionDate "2019.02.26"]
[SourceQuality "1"]
[WhiteTeam "Mollet"]
[BlackTeam "Figueres"]
[WhiteTeamCountry "ESP"]
[BlackTeamCountry "ESP"]

1. c4 Nf6 2. Nc3 e6 3. d4 d5 4. cxd5 Nxd5 5. e4 Nxc3 6. bxc3 c5 7. a3 Be7 8. Nf3 0-0 9. Bd3 b6 10. Qe2 Bb7 11. 0-0 Re8 12. Rd1 cxd4 13. cxd4 Nd7 14. Bb2 Rc8 15. a4 Bb4 16. Bb5 Re7 17. Rab1 a5 18. Bc1 h6 19. Ne1 Nf6 20. f3 Bc6 21. Bxc6 Rxc6 22. Be3 Rec7 23. Nd3 Rc2 24. Qf1 Bc3 25. Nf4 Bb4 26. d5 exd5 27. Bxb6 Bc5+ 28. Bxc5 R2xc5 29. e5 Nh7 30. e6 Qd6 31. exf7+ Rxf7 32. Nd3 Rc4 33. Qe1 Qd8 34. Qg3 Rf8 35. Qe5 Re8 36. Rb8 Qxb8 37. Qxd5+ Kh8 38. Qxc4 Rd8 39. Re1 Nf8 40. Ne5 Qb6+ 41. Kh1 Rb8 42. h3 Qb4 43. Re4 Qxc4 44. Nxc4 Nd7 45. Nxa5 Ra8 46. Nb3 Rb8 47. Rd4 Rxb3 48. Rxd7 Ra3 49. Ra7 Kh7 50. Kh2 Kg6 51. Kg3 Ra2 52. a5 h5 53. Ra6+ Kf5 54. h4 Ra4 55. Kh3 Ra3 56. Ra8 Kg6 57. a6 Kh7 58. a7 Kg6 59. Kh2 Ra2 60. f4 Ra3 61. f5+ Kh7 62. g3 Ra2+ 63. Kg1 Ra5 64. Kg2 Ra3 65. Kf2 Ra5 66. Ke3 Ra4 67. Kf3 Ra5 68. Kf4 Ra3 69. Kg5 Rxg3+ 70. Kxh5 Ra3 71. Kg5 Ra4 72. h5 Ra5 73. Kf4 Ra4+ 74. Ke3 Ra3+ 75. Kd4 Ra4+ 76. Kc3 Ra3+ 77. Kb2 Ra6 78. h6 gxh6 79. f6 1-0

[Event "Barcelona Sants op 20th"]
[Site "Barcelona"]
[Date "2018.08.22"]
[Round "6"]
[White "Yankelevich, Lev"]
[Black "Serra Pages, Jordi"]
[Result "1-0"]
[WhiteElo "2420"]
[BlackElo "2251"]
[PlyCount "112"]
[EventDate "2018.08.17"]
[EventType "swiss"]
[EventRounds "10"]
[EventCountry "ESP"]
[SourceTitle "CBM 186 Extra"]
[Source "ChessBase"]
[SourceDate "2018.08.24"]
[SourceVersion "1"]
[SourceVersionDate "2018.08.24"]
[SourceQuality "1"]

1. Nf3 Nf6 2. c4 c6 3. d4 g6 4. Nc3 d5 5. cxd5 cxd5 6. Bf4 Nc6 7. e3 Bg7 8. h3 0-0 9. Bd3 b6 10. 0-0 Bb7 11. Rc1 Rc8 12. Qa4 a6 13. b4 Nh5 14. Bh2 e5 15. Bxa6 Bxa6 16. b5 exd4 17. exd4 Nxd4 18. Nxd4 Rc4 19. Qb3 Bxd4 20. bxa6 Qa8 21. Nxd5 Rxc1 22. Rxc1 Qxa6 23. Qc4 Qxc4 24. Rxc4 Bc5 25. Bc7 Ra8 26. a4 Ra6 27. g4 Ng7 28. a5 Rxa5 29. Bxb6 Ra1+ 30. Kg2 Bf8 31. Nf6+ Kh8 32. Rc8 Ne6 33. Nd7 Kg7 34. Nxf8 Nf4+ 35. Kf3 Ra4 36. Nd7 Nxh3 37. Bc5 Ng5+ 38. Ke3 Re4+ 39. Kd3 f6 40. Bd4 Rxg4 41. Bxf6+ Kh6 42. Rc1 Rh4 43. Rg1 Rh3+ 44. Rg3 Rxg3+ 45. fxg3 Nf7 46. g4 g5 47. Bb2 Kg6 48. Nf8+ Kh6 49. Ke4 Nd6+ 50. Kd5 Ne4 51. Nxh7 Nf2 52. Nf6 Kg6 53. Bd4 Nh3 54. Ke6 Nf4+ 55. Ke7 Nd3 56. Nd7 Nf4 1-0

[Event "Barcelona Sants op 20th"]
[Site "Barcelona"]
[Date "2018.08.18"]
[Round "2"]
[White "Volkov, Sergey"]
[Black "Serra Pages, Jordi"]
[Result "1-0"]
[WhiteElo "2557"]
[BlackElo "2251"]
[PlyCount "42"]
[EventDate "2018.08.17"]
[EventType "swiss"]
[EventRounds "10"]
[EventCountry "ESP"]
[SourceTitle "CBM 186 Extra"]
[Source "ChessBase"]
[SourceDate "2018.08.24"]
[SourceVersion "1"]
[SourceVersionDate "2018.08.24"]
[SourceQuality "1"]

1. d4 Nf6 2. c4 e6 3. Nc3 d5 4. cxd5 Nxd5 5. e4 Nxc3 6. bxc3 c5 7. Rb1 cxd4 8. cxd4 Qa5+ 9. Bd2 Qxa2 10. Nf3 Be7 11. Ne5 0-0 12. Nc4 Qa6 13. Nb6 Qxb6 14. Rxb6 axb6 15. Bc4 Nc6 16. d5 Ne5 17. Bb3 Nd3+ 18. Ke2 Nc5 19. Re1 Nxe4 20. Kf1 Nxd2+ 21. Qxd2 Bc5 1-0

[Event "Andorra op 36th"]
[Site "Escaldes"]
[Date "2018.07.26"]
[Round "6"]
[White "Serra Pages, Jordi"]
[Black "Jerez Perez, Alfonso"]
[Result "1/2-1/2"]
[WhiteElo "2251"]
[BlackElo "2423"]
[PlyCount "160"]
[EventDate "2018.07.21"]
[EventType "swiss"]
[EventRounds "9"]
[EventCountry "AND"]
[SourceTitle "CBM 185 Extra"]
[Source "ChessBase"]
[SourceDate "2018.07.29"]
[SourceVersion "1"]
[SourceVersionDate "2018.07.29"]
[SourceQuality "1"]

1. d4 Nf6 2. c4 g6 3. Nc3 d5 4. Bf4 Bg7 5. e3 c5 6. dxc5 Qa5 7. Rc1 Ne4 8. Nge2 Nxc3 9. Nxc3 e5 10. Bg3 d4 11. exd4 exd4 12. Qa4+ Qxa4 13. Nxa4 Bd7 14. b3 Bxa4 15. bxa4 Na6 16. c6 bxc6 17. c5 Nb4 18. Bc4 0-0 19. a3 Nd5 20. Bxd5 cxd5 21. Ke2 Rac8 22. c6 f5 23. Bf4 Rfe8+ 24. Kd3 Kf7 25. a5 Bf8 26. Rc2 Kf6 27. h4 h6 28. Rb1 g5 29. hxg5+ hxg5 30. Bc1 Re6 31. c7 Bd6 32. Rb7 a6 33. Rc6 f4 34. Bb2 Ke7 35. Rxa6 Bxc7 36. Rxe6+ Kxe6 37. a6 Kd7 38. Bxd4 Kc6 39. Rb1 g4 40. Rc1+ Kd7 41. a7 Ra8 42. Rh1 Kc6 43. Rh8 Rxh8 44. Bxh8 Kb7 45. Bd4 Bd6 46. a4 Bc7 47. f3 gxf3 48. gxf3 Bd6 49. Kc3 Ka8 50. Bb6 Be5+ 51. Kb4 Bd6+ 52. Kb5 Kb7 53. Bd4 Be7 54. a5 Ba3 55. a6+ Ka8 56. Kc6 Bc1 57. Kxd5 Bd2 58. Ke4 Bc1 59. Bc5 Bd2 60. Kd3 Be1 61. Ke4 Bd2 62. Bd6 Kxa7 63. Bxf4 Be1 64. Be5 Kxa6 65. f4 Kb7 66. Kd5 Kc8 67. Ke6 Bh4 68. f5 Bg5 69. Bf6 Bd2 70. Ke7 Bb4+ 71. Ke8 Bd2 72. Be5 Bg5 73. Kf7 Kd7 74. Bf6 Bd2 75. Kg6 Bb4 76. Bg7 Be7 77. Bd4 Ke8 78. Bf6 Bb4 79. Bg7 Be7 80. Bf6 Bb4 1/2-1/2

[Event "Andorra op 36th"]
[Site "Escaldes"]
[Date "2018.07.24"]
[Round "4"]
[White "Serra Pages, Jordi"]
[Black "Pena Gomez, Manuel"]
[Result "0-1"]
[WhiteElo "2251"]
[BlackElo "2475"]
[PlyCount "56"]
[EventDate "2018.07.21"]
[EventType "swiss"]
[EventRounds "9"]
[EventCountry "AND"]
[SourceTitle "CBM 185 Extra"]
[Source "ChessBase"]
[SourceDate "2018.07.29"]
[SourceVersion "1"]
[SourceVersionDate "2018.07.29"]
[SourceQuality "1"]

1. Nf3 Nf6 2. c4 g6 3. Nc3 Bg7 4. d4 0-0 5. e4 d6 6. Be2 e5 7. 0-0 Nc6 8. Be3 Ng4 9. Bg5 f6 10. Bh4 g5 11. Bg3 Nh6 12. d5 Ne7 13. Qd2 Ng6 14. b4 f5 15. exf5 Nxf5 16. Nxg5 Bh6 17. Nce4 Nd4 18. h4 Nf4 19. Bd3 Bg7 20. Nc3 h6 21. Nge4 Bh3 22. Bxf4 exf4 23. f3 Bd7 24. Rae1 Nf5 25. Qxf4 Bd4+ 26. Kh1 Be5 27. Qg4+ Kh8 28. Qg6 Qxh4+ 0-1

[Event "Andorra op 36th"]
[Site "Escaldes"]
[Date "2018.07.23"]
[Round "3"]
[White "Picart, Laurent"]
[Black "Serra Pages, Jordi"]
[Result "0-1"]
[WhiteElo "2066"]
[BlackElo "2251"]
[PlyCount "50"]
[EventDate "2018.07.21"]
[EventType "swiss"]
[EventRounds "9"]
[EventCountry "AND"]
[SourceTitle "CBM 185 Extra"]
[Source "ChessBase"]
[SourceDate "2018.07.29"]
[SourceVersion "1"]
[SourceVersionDate "2018.07.29"]
[SourceQuality "1"]

1. d4 Nf6 2. Bg5 e6 3. e4 h6 4. Bxf6 Qxf6 5. c3 b6 6. Bd3 Bb7 7. Ne2 c5 8. 0-0 Nc6 9. e5 Qd8 10. Nd2 d6 11. Nf3 Be7 12. Ng3 0-0 13. Qe2 cxd4 14. Qe4 g6 15. Qg4 Kh7 16. h4 Nxe5 17. Nxe5 dxe5 18. h5 Bg5 19. hxg6+ fxg6 20. cxd4 Qxd4 21. Qxe6 Qxd3 22. Rad1 Rae8 23. Qh3 Qb5 24. Rd7+ Re7 25. Rfd1 Bc8 0-1

[Event "Catalunya-chT GpA final"]
[Site "Barcelona"]
[Date "2018.03.17"]
[Round "2.2"]
[White "Serra Pages, Jordi"]
[Black "Fluvia Poyatos, Jordi"]
[Result "0-1"]
[WhiteElo "2239"]
[BlackElo "2430"]
[PlyCount "102"]
[EventDate "2018.03.10"]
[EventType "team-tourn"]
[EventRounds "4"]
[EventCountry "ESP"]
[SourceTitle "CBM 183 Extra"]
[Source "ChessBase"]
[SourceDate "2018.04.19"]
[SourceVersion "1"]
[SourceVersionDate "2018.04.19"]
[SourceQuality "1"]
[WhiteTeam "Figueres"]
[BlackTeam "Sant Josep de Badalona"]
[WhiteTeamCountry "ESP"]
[BlackTeamCountry "ESP"]

1. d4 Nf6 2. c4 g6 3. Nc3 d5 4. Bf4 Bg7 5. e3 c5 6. dxc5 Nbd7 7. cxd5 Qa5 8. Rc1 Ne4 9. Nge2 Ndxc5 10. Nd4 Nxc3 11. bxc3 Qxa2 12. Bb5+ Bd7 13. Bxd7+ Nxd7 14. c4 0-0 15. 0-0 Rfc8 16. Qc2 Qxc2 17. Rxc2 a5 18. Rb1 Nc5 19. Nb5 a4 20. Nc7 Ra5 21. Rb5 Rxb5 22. Nxb5 Nd3 23. Kf1 Nb4 24. Rd2 Rxc4 25. d6 exd6 26. Rxd6 Bb2 27. Bh6 Rc8 28. Rb6 a3 29. Nxa3 Bxa3 30. Rxb7 Nd5 31. Rd7 Nf6 32. Rd4 Bf8 33. Bf4 Nh5 34. Bg5 h6 35. Bh4 g5 36. g4 gxh4 37. gxh5 Be7 38. Rd5 h3 39. Ke2 Rc2+ 40. Rd2 Rxd2+ 41. Kxd2 Kg7 42. Ke2 Bh4 43. Kf3 Kf6 44. Ke2 Kg5 45. Kf3 Kxh5 46. Ke2 Kg4 47. f3+ Kf5 48. Kf1 Ke5 49. Kg1 Kd5 50. Kf1 Kc4 51. Ke2 Bg3 0-1

[Event "Catalunya-chT Gp1"]
[Site "Barcelona"]
[Date "2018.02.10"]
[Round "4.4"]
[White "Serra Pages, Jordi"]
[Black "Garcia Ramos, Daniel"]
[Result "0-1"]
[WhiteElo "2239"]
[BlackElo "2321"]
[PlyCount "60"]
[EventDate "2018.01.20"]
[EventType "team-tourn"]
[EventRounds "7"]
[EventCountry "ESP"]
[SourceTitle "CBM 182 Extra"]
[Source "ChessBase"]
[SourceDate "2018.02.23"]
[SourceVersion "1"]
[SourceVersionDate "2018.02.23"]
[SourceQuality "1"]
[WhiteTeam "Figueres"]
[BlackTeam "Peona I Peo"]
[WhiteTeamCountry "ESP"]
[BlackTeamCountry "ESP"]

1. Nf3 g6 2. e4 c5 3. c3 Nf6 4. e5 Nd5 5. d4 cxd4 6. cxd4 Bg7 7. Nc3 Nxc3 8. bxc3 d6 9. Bb5+ Bd7 10. Qb3 dxe5 11. Nxe5 Bxe5 12. dxe5 Bxb5 13. Qxb5+ Qd7 14. Qe2 0-0 15. 0-0 Nc6 16. Bh6 Rfd8 17. Rae1 Qd3 18. Qb2 b6 19. Re3 Qd2 20. Qb1 Rac8 21. e6 f6 22. h4 Ne5 23. h5 Rc4 24. hxg6 hxg6 25. Rh3 Qd5 26. f4 Nd3 27. Qc2 Qc5+ 28. Kh2 Rxc3 29. Qe2 Qc4 30. Qg4 Ne5 0-1